| 000 | 00570nam a2200181 4500 | ||
|---|---|---|---|
| 999 |
_c188941 _d188941 |
||
| 005 | 20220608105913.0 | ||
| 010 | _aENG-133118 | ||
| 020 |
_a9788193115328 _c650.00 |
||
| 035 | _aEN-116650 | ||
| 037 | _bDBAD/PUB | ||
| 082 | _a962.055092 | ||
| 100 | _aMalhotra, Nishant | ||
| 245 |
_aThe Nile File: World's Longest River/ _cNishant Malhotra |
||
| 260 |
_aMumbai _bJyoti Publication _c2018 |
||
| 270 |
_a4/121 Frances Seth Chawl Society Road Irla, Vile Parle West _bMumbai _e400056 |
||
| 300 |
_a175p. _c20cm(pbk) |
||
| 942 |
_2ddc _cEN _h962.055092 _mMAL |
||